00873nam a2200205 a 450000100060000000300080000600500170001400800410003102000170007203500190008904000260010804100080013408200290014210000600017124501650023126000900039630000470048660000890053360000450062271305BD-RjUL20211209082111.0170502s1998 bg |||| |||| 00| |aben d c: Tk. 100.00 a(BD-RjUL)71521 aBD-RjULbbencBD-RjUL aben 223a891.440922bCHJ 19981 aচৌধুরী, শৈলেশ কুমার 10aযখন ছোট ছিলাম :bআ্ত্মজৈবনীক স্মৃতিকথা /cশৈলেশ কুমার চৌধুরী aঢাকা :bমুহাম্মদ মহসীন রেজা, c১৯৯৮ a১০৭ পৃ. ;c১৯ সেমি.  aচৌধুরী, শৈলেশ কুমার xআত্মজীবনী aChowdhury, Shailesh KumarxAutobiography